10 Najwartościowszych Piłkarzy Eredivisie - Statystyki

Ogólne statystyki
  • Ten quiz został rozwiązany 48 razy
  • Średni wynik to 5 z 10
Statystyki odpowiedzi
Wartość Nazwisko % Poprawnych
36 mln Onana
77%
20 mln Tadić
70%
36 mln Neres
60%
44 mln Van De Beek
60%
40 mln Ziyech
53%
20 mln Blind
51%
28 mln Tagliafico
51%
25 mln Malen
28%
20 mln Martinez
17%
20 mln Ihattaren
11%
Nie znaleziono quizów pasujących do podanych kryteriów
Rozkład punktacji
Procent ludzi z każdym wynikiem
Percentyl według liczby udzielonych odpowiedzi
Twoja historia wyników
Nie rozwiązałeś tego quizu